|
|
|
|
| LEADER |
01513nam a2200253 a 4500 |
| 008 |
090618r20051999enka b 001 0 eng d |
| 020 |
|
|
|a 0273655116
|
| 020 |
|
|
|a 8178080273
|
| 082 |
0 |
4 |
|a 658.87
|2 21
|
| 100 |
1 |
|
|a Gilbert, David,
|d 1947 Mar. 2-
|
| 245 |
1 |
0 |
|a Retail marketing management /
|c David Gilbert.
|
| 260 |
|
|
|a Harlow;
|a New York :
|b Financial Times/ Prentice Hall ;
|a New Delhi :
|b Prentice Hall of India,
|c 1999 [reprinted 2005]
|
| 300 |
|
|
|a 368 p. :
|b ill. ;
|c 25 cm.
|
| 504 |
|
|
|a Includes bibliographical references and index.
|
| 541 |
1 |
|
|e 00015088
|
| 650 |
|
0 |
|a Marketing
|x Management.
|
| 650 |
|
0 |
|a Retail trade.
|
| 852 |
4 |
|
|a Ayesha Abed Library
|j General shelf
|
| 999 |
|
|
|c 1565
|d 1565
|
| 952 |
|
|
|0 0
|1 0
|2 ddc
|4 0
|6 658_870000000000000_GIL_2005
|7 0
|9 1440
|a BRACUL
|b BRACUL
|c GEN
|d 2009-06-28
|g 447.00
|l 1
|m 12
|o 658.87 GIL
|p 3010015088
|r 2012-12-23
|s 2012-04-03
|t 1
|w 2009-06-28
|y BK
|
| 952 |
|
|
|0 0
|1 0
|2 ddc
|4 0
|6 658_870000000000000_GIL_2005
|7 0
|9 18018
|a BRACUL
|b BRACUL
|c GEN
|d 2011-09-18
|l 0
|o 658.87 GIL
|p 3010015089
|r 2011-09-18
|t 2
|w 2011-09-18
|y BK
|
| 952 |
|
|
|0 0
|1 0
|2 ddc
|4 0
|6 658_870000000000000_GIL_2005
|7 0
|9 18019
|a BRACUL
|b BRACUL
|c GEN
|d 2011-09-18
|l 0
|o 658.87 GIL
|p 3010015090
|r 2011-09-18
|t 3
|w 2011-09-18
|y BK
|
| 952 |
|
|
|0 0
|1 0
|2 ddc
|4 0
|6 658_870000000000000_GIL_2005
|7 0
|9 18020
|a BRACUL
|b BRACUL
|c GEN
|d 2011-09-18
|l 1
|m 2
|o 658.87 GIL
|p 3010015091
|r 2018-01-30
|s 2017-07-13
|t 4
|w 2011-09-18
|y BK
|
| 952 |
|
|
|0 0
|1 0
|2 ddc
|4 0
|6 658_870000000000000_GIL_2005
|7 0
|9 18026
|a BRACUL
|b BRACUL
|c GEN
|d 2011-09-18
|l 0
|o 658.87 GIL
|p 3010015087
|r 2011-09-18
|t 5
|w 2011-09-18
|y BK
|